Algebraic logic

Guardat en:
Dades bibliogràfiques
Autor principal: Halmos, Paul Richard (Autor)
Format: Llibre
Idioma:anglès
Publicat: Nueva York Chelsea 1962
Matèries:
Etiquetes: Afegir etiqueta
Sense etiquetes, Sigues el primer a etiquetar aquest registre!

MARC

LEADER 00000nam a2200000 a 4500
001 UCW1203
003 CL-VaPUC
008 911211e19620000US |||||||||||||||||eng|d
082 0 4 |a 511.3  |b HAL  |2 21 
100 |a Halmos, Paul Richard  |e author  |9 591370 
245 1 0 |a Algebraic logic 
300 |a 271 p 
942 |c BK 
945 |d 19911211 00:00:00 
260 |a Nueva York  |b Chelsea  |c 1962 
650 7 |a LOGICA ALGEBRAICA  |2 CL-VaPUC  |9 270591 
583 |a last modification  |c 19911211 00:00:00  |k Rodrigo Vera 
999 |c 216122  |d 216120 
952 |0 0  |1 0  |4 0  |6 511_300000000000000_HAL_1962  |7 0  |8 A  |9 201599  |a BIBMAT  |b BIBMAT  |d 2019-11-14  |i 268862K  |o 511.3 HAL 1962  |p 268862K  |r 2025-01-07  |w 2019-11-14  |y BK  |k MAT 
952 |0 0  |1 0  |4 0  |6 511_300000000000000_HAL_1962  |7 0  |8 A  |9 201600  |a BIBMAT  |b BIBMAT  |d 2019-11-14  |i 1492608  |o 511.3 HAL 1962  |p 1492608  |r 2025-01-07  |w 2019-11-14  |y BK  |k MAT